MDQL
is popping MORE tags! Check the
thread
!
Quizzes
Events
Quiz Creation
Community
Videos
Private Events
Remove Ads
Sign In
Join for FREE
Feedback
Dark Mode
Quiz Categories
Sports
Geography
Music
Movies
Television
Just For Fun
Miscellaneous
History
Literature
Language
Science
Gaming
Entertainment
Religion
Holiday
For Kids
Quiz Lab
Recent
Popular Today
Quiz Kudos Today
Editor Picks
Curator Picks
Quizzes by...
Day
Popularity
Type
Ratings
Length
Year
Community
Subscriptions
Recent Discussions
Orange Saloon
Badges
Playlists
Quests
Create
Leaderboards
Showdown
Live 5
Trivia Bingo
Activity
Puzzle Library
Sporcle Events
Private Events
Virtual Trivia
Globe League
Become a Host
Pub Owners
SporcleCon
Opinionation
Our Games
Videos
Blog
Mobile Apps
Partnerships
Remove Ads and Go Orange
Feedback
Just For Fun
Clickable
Get the Picture
Humor
Quick Pick
Word Ladder
Missing Word
Mixed Word
Blitz
Minefield
This or That
Alphabet
Color
Typing
Sporcle
Puzzle
Word Play
Follow That Line
Logic
Just For Fun
Clickable
Get the Picture
Humor
Quick Pick
Word Ladder
Missing Word
Mixed Word
Blitz
Minefield
This or That
Alphabet
Color
Typing
Sporcle
Puzzle
Word Play
Follow That Line
Logic
Random Quiz
Search Sporcle
×
Quiz Lab
Quiz Lab
Just For Fun
biggest
Type in answers that appear in a list
Type in answers that appear in a list
Classic
Best Score? Go Orange.
Top 20 Retailers in the World Stats
Can you name the Top 20 Retailers in the World?
By
parma
8m
20 Questions
161 Plays
161 Plays
161 Plays
Comments
Comments
Give Quiz Kudos
Give Quiz Kudos
-
- Ratings
hide this ad
Replay
Link that replays current quiz
Next Quiz
Link to next quiz in quiz playlist
You Got
0%
They Got
Avg Score
23%
Avg Friend Score
Upgrade to see
Score Distribution
Jump to the score distribution portion of the page
Score
0/20
Timer
08:00
0
Plays Today
Country
Business
% Correct
USA
Wal-Mart Stores Inc.
96.3%
USA
Target Corp.
61.5%
UK
Tesco PLC
40.4%
Germany
Aldi Einkauf GmbH & Co oHG
39.8%
USA
Costco Wholesale Corp.
31.7%
USA
The Home Depot, Inc.
29.2%
France
Carrefour S.A.
28%
USA
Best Buy Co., Inc.
26.1%
USA
Kroger Co.
24.2%
USA
Lowe's Companies, Inc.
21.1%
Country
Business
% Correct
USA
CVS Caremark Corp.
18.6%
USA
Walgreen Co.
18%
Australia
Woolworths Limited
11.2%
Germany
Metro AG
6.8%
France
Groupe Auchan SA
3.7%
Japan
Seven & i Holdings Co., Ltd.
3.1%
Germany
Rewe Group
1.9%
Japan
Aeon Co., Ltd.
1.9%
Germany
Schwarz Unternehmens Treuhand KG
1.2%
Germany
Edeka Zentrale AG & Co. KG
0.6%
Quiz Playlist
Details
Report
Send in Message
Add To Playlist
Classic:
Type in answers that appear in a list
Quiz Source
Last Updated: Feb 16, 2017
Quiz Scoreboard
CHALLENGE
Sign Up to Join the Scoreboard
Show All
Scores
Hide
Comments
May contain spoilers
Recently Published
Colored Red Africa Blitz
by spor1
Geography
30s
Find the 'City' Movie
by crazypaving
Movies
60s
5x2 Blitz: Bands
by SL_Kpop136
Music
30s
More to Explore
Quiz From the Vault
Featured Blog Post
14 Easter Pick-up Lines to Find Eggs With
hide this ad
You Might Also Like...
Tags
biggest
business
fortune
FORTUNE 100
Fortune 500
Money
Money Leaders
retail
Retailer
Shopping
Shopping Centers
Top Business
Today's Top Quizzes in Just For Fun
Browse Just For Fun
hide this ad
Today's Top Quizzes in biggest
Browse biggest
Top Contributed Quizzes in Just For Fun
1
Avatar the Last Airbender: Logic Puzzle
2
Name Just One - 10 to 1: Just For Fun
3
Missing Word: 2-Letter A-Z II
4
Missing Letter Whitney Houston Songs
5
Survivor Winners Logic Puzzle
6
Shadowhunters Protagonists Logic Quiz
7
Quick 5-Color Logic (18)
8
Medium Renzoku Puzzle 11
9
It's Magic / Witchcraft 🎩🪄🧙♀️
10
Killer Double Trees 224 - Colour Match-Up
Explore More
Trending Topics
Disney
Harry Potter
NBA
Crossword
Marvel
Anime
Kpop
Song
Soccer
Country
WWE
Puzzle
Pokémon
The Office
NFL
hide this ad
More By:
parma
Quiz
Plays
Rating
Category
Featured
Created
ESPN Radio's Colin Cowherd QB Bracket
304
3.50
Sports
Mar 13, 2013
College Football Teams Ranked 5 of Last 6 Years
267
4.00
Sports
Jan 10, 2012
UFC Champions Reign
256
5.00
Sports
Jan 30, 2012
Never Played Notre Dame
224
Sports
Sep 5, 2012
NFL #1 Draft Pick, But No Pro Bowl
182
4.00
Sports
Feb 1, 2013
Go to Creator's Profile
Score Distribution
Quiz Creator Spotlight
parma
Follow
Send a Message
Quizzes Created
-
Created Quiz Play Count
-
More By This Creator
Popular Quizzes Today
1
Colored Red Africa Blitz
2
Find the 'City' Movie
3
5x2 Blitz: Bands
4
Find the US States - No Outlines Minefield
5
The Countries of the World
6
Find the US States
7
US States
8
Find the Countries of Europe - No Outlines Minefield
More Just For Fun Quizzes
Word Ladder: Beatles Song
Published
Trending Quizzes
Colored Red Europe Blitz I
Colored Red Africa Blitz II
Colored Red Europe Blitz II
Colored Red Africa Blitz III
Colored Red Europe Blitz III
Recently Updated
How Do You Spell That?
pecheneg
Godzilla Movies
pecheneg
Grab Bag: 4-10 Letters
pecheneg
2024 March Madness Bracket
pecheneg
Famous TV Couples
Peacemaker
Champions League XIs: Real Madrid
pecheneg
Largest US Cities 1790-2010
pecheneg
Rides in Walt Disney World
pecheneg
Most Oscar Losses (Acting)
pecheneg
Beyoncé Albums
pecheneg
Trending Topics
Kpop
Anime
Harry Potter
Crossword
NBA
Disney
Marvel
Pokémon
Song
Puzzle
The Office
Country
Soccer
WWE
NFL
Your Account Isn't Verified!
In order to create a playlist on Sporcle, you need to verify the email address you used during registration. Go to your
Sporcle Settings
to finish the process.
Report this User
Report this user for behavior that violates our
Community Guidelines
.
Details:
Send Report
Go to the Sporcle.com Mobile Site →
Comments